| 000 | 00519nam a22001577a 4500 | ||
|---|---|---|---|
| 005 | 20260212115722.0 | ||
| 008 | 260212b |||||||| |||| 00| 0 eng d | ||
| 020 | _a0309094356 | ||
| 050 |
_aQ180.55.I48 _bF33 2005 |
||
| 245 | _a Facilitating interdisciplinary research / | ||
| 260 |
_a Washington, D.C. : _bThe National Academies Press, _c2005. |
||
| 300 |
_a xxv, 306 p. : _b ill. ; _c23 cm. |
||
| 500 | _aIncludes bibliographical references (p. 296-306). | ||
| 650 | _aInterdisciplinary research. | ||
| 942 |
_2lcc _cBK |
||
| 999 |
_c60176 _d60176 |
||